000 00389nam a2200157Ia 4500
008 191201s2010 xx 000 0 und d
020 _a9788131725283
082 _a005.43
_bSTO
100 _aSTALLINGS, William
245 0 _aOperating Systems Internals and Design Principles
250 _a6th
260 _aN. Delhi
_bPearson
_c2010
300 _a822
650 _aMCA
942 _2ddc
_cBK
999 _c5014
_d5014